000 01167nam a2200301 u 4500
001
003 DO-SdBNP
005 20220114114329.0
007 ta
008 100806s 2001 dr r 001 0 spa d
020 _z9998431095
040 _aDO-SdBNP
_bspa
_cBPMSU
049 _a
082 _a782.42083
_bJ61p 2001
_222
100 1 _aJiménez, R. Emilio,
_d1886-1970
245 1 3 _aLa patria en la canción :
_bobra graduada de canto coral en cuatro series /
_cR. Emilio Jiménez.
260 _aSanto Domingo :
_bBanco Central de la República Dominicana.
_c2001
300 _a374 p. :
_bil., mús. ;
_c23 cm.
500 _aSe conserva la versión original, en cuanto a la ortografía de la época
505 _aPrimera serie: canciones para la infancia -- Segunda serie: canciones para la pericia -- Tercera serie: canciones para la adolescencia -- Cuarta serie: canciones para la juventud
590 _aInventariado, 2022/VM
650 4 _aCancioneros
_xPartituras
650 4 _aCanciones infantiles dominicanas
650 4 _aCanciones escolares dominicanas.
710 2 _aBanco Central de la República Dominicana
910 _aVMateo V
942 _2ddc
_cBK
999 _c13944
_d13944